Les khmers / (Record no. 1513)

MARC details
000 -LEADER
fixed length control field 01009nam a22002657a 4500
005 - DATE AND TIME OF LATEST TRANSACTION
control field 20231002085325.0
020 ## - INTERNATIONAL STANDARD BOOK NUMBER
International Standard Book Number 9789924341185
040 ## - CATALOGING SOURCE
Original cataloging agency FISKH
Language of cataloging eng
Transcribing agency FISKH
Modifying agency FISKH
082 ## - DEWEY DECIMAL CLASSIFICATION NUMBER
Classification number 959.6
100 ## - MAIN ENTRY--PERSONAL NAME
Personal name Vichheka, Khuon
245 ## - TITLE STATEMENT
Title Les khmers /
Remainder of title de 1953 à nos jours
Statement of responsibility, etc. rédigé par Khuon Vichheka
260 ## - PUBLICATION, DISTRIBUTION, ETC.
Place of publication, distribution, etc. Phnom Penh :
Name of publisher, distributor, etc. Sipar,
Date of publication, distribution, etc. 2021.
300 ## - PHYSICAL DESCRIPTION
Extent 44 pages :
Other physical details maps ; color illustrations ;
Dimensions 20 cm
490 ## - SERIES STATEMENT
Series statement Je voudrais savoir
Volume/sequential designation Volume 3
505 ## - FORMATTED CONTENTS NOTE
Formatted contents note Z'<br/>
520 ## - SUMMARY, ETC.
Summary, etc. Written in French, The Khmers Part 3, from 1953 – present describes significant historical events 1953 until the 20th century including politics, communism, civil wars, rebuild after war and the first election.
521 ## - TARGET AUDIENCE NOTE
Target audience note 1000<br/>
Source Lexile estimate<br/>
521 ## - TARGET AUDIENCE NOTE
Target audience note Z' <br/>
Source Raz-Plus <br/>
650 ## - SUBJECT ADDED ENTRY--TOPICAL TERM
Topical term or geographic name entry element Present
Form subdivision Politics
General subdivision Election
Chronological subdivision Communist
700 ## - ADDED ENTRY--PERSONAL NAME
Personal name Visoth, Seng
Titles and other words associated with a name illustrator
700 ## - ADDED ENTRY--PERSONAL NAME
Personal name Lapros, Lak
Titles and other words associated with a name illustrator
700 ## - ADDED ENTRY--PERSONAL NAME
Personal name Hugues, Piolet
Titles and other words associated with a name illustrator
942 ## - ADDED ENTRY ELEMENTS (KOHA)
Source of classification or shelving scheme Dewey Decimal Classification
Koha item type Books
Suppress in OPAC No
999 ## -
-- 1513
-- 1513
Holdings
Withdrawn status Lost status Source of classification or shelving scheme Damaged status Not for loan Collection Home library Current library Shelving location Date acquired Total Checkouts Full call number Barcode Date last seen Copy number Price effective from Koha item type
    Dewey Decimal Classification     Non-Fiction Footprints International School Library Network Toul Kork Campus Footprints International School Library Network Toul Kork Campus TK Floor 4 Rear Hallway Shelf 1 (Adult/Secondary Foriegn Language/Khmer) 09/01/2023   VIC 959.6 2023-0432 09/01/2023 1 09/01/2023 Books
    Dewey Decimal Classification     Non-Fiction Footprints International School Library Network Toul Kork Campus Footprints International School Library Network Toul Kork Campus TK Floor 4 Rear Hallway Shelf 1 (Adult/Secondary Foriegn Language/Khmer) 09/01/2023   VIC 959.6 2023-0433 09/01/2023 2 09/01/2023 Books